000 01473cam a22004214a 4500
001 16376328
003 OSt
005 20160127151626.0
008 100803s2010 nmua b 000 0beng
010 _a 2010033063
016 7 _a101537381
_2DNLM
020 _a9780865347779 (softcover : alk. paper)
020 _a0865347778 (softcover : alk. paper)
035 _a(OCoLC)ocn653090248
040 _aSEKU
042 _apcc
043 _an-us-nm
050 0 0 _aRT 37 .B58
_bG7 2010
100 1 _aGraña, Mari,
_d1936-
245 1 0 _aCharity's sister :
_bthe story of Sister Mary Joaquin Bitler, SC
_cby Mari Graña.
260 _aSanta Fe :
_bSunstone Press,
_cc2010.
300 _a164 p. :
_bill. ;
_c23 cm.
504 _aIncludes bibliographical references (p. 151-160).
600 1 0 _aBitler, Mary Joaquin,
_d1922-2003.
600 1 2 _aBitler, Mary Joaquin,
_d1922-2003.
650 0 _aNurses
_zNew Mexico
_vBiography.
650 0 _aCatholic hospitals
_zNew Mexico.
650 0 _aNuns
_zNew Mexico
_vBiography.
650 1 2 _aNurses
_zMexico
_vBiography.
650 1 2 _aNurses
_zNew Mexico
_vBiography.
650 2 2 _aCatholicism
_zMexico
_vBiography.
650 2 2 _aCatholicism
_zNew Mexico
_vBiography.
650 2 2 _aHospitals, Religious
_zMexico
_vBiography.
650 2 2 _aHospitals, Religious
_zNew Mexico
_vBiography.
650 2 2 _aMissions and Missionaries
_zMexico
_vBiography.
650 2 2 _aMissions and Missionaries
_zNew Mexico
_vBiography.
942 _2lcc
_cGEN
999 _c10072
_d10072